[Event "XLIV Memoriał Szachowy Ludwika Zamenhofa 2025, Grupa B"]
[Site "Bialystok, Poland"]
[Date "2025.12.27"]
[Round "1.28"]
[White "Bombinski, Michal"]
[Black "Madejski, Milosz"]
[Result "0-1"]
[TimeControl "90'+30\""]
[WhiteElo "1685"]
[BlackElo "1917"]

1. e4 {[%clk 01:30:56]} {[%emt 00:00:04]} c5 {[%clk 01:30:52]} {[%emt
00:00:09]} 2. Nf3 {[%clk 01:31:19]} {[%emt 00:00:06]} e6 {[%clk 01:31:20]}
{[%emt 00:00:02]} 3. d4 {[%clk 01:31:32]} {[%emt 00:00:18]} cxd4 {[%clk
01:31:49]} {[%emt 00:00:01]} 4. Nxd4 {[%clk 01:31:51]} {[%emt 00:00:10]} a6
{[%clk 01:31:45]} {[%emt 00:00:35]} 5. c4 {[%clk 01:31:32]} {[%emt 00:00:48]}
Qc7 {[%clk 01:31:28]} {[%emt 00:00:48]} 6. Nc3 {[%clk 01:30:35]} {[%emt
00:01:27]} Nf6 {[%clk 01:31:18]} {[%emt 00:00:39]} 7. Bg5 {[%clk 01:25:50]}
{[%emt 00:05:16]} Be7 {[%clk 01:28:45]} {[%emt 00:03:03]} 8. f4 {[%clk
01:23:07]} {[%emt 00:03:12]} h6 {[%clk 01:28:16]} {[%emt 00:00:59]} 9. Bxf6
{[%clk 01:22:29]} {[%emt 00:01:07]} gxf6 {[%clk 01:28:44]} {[%emt 00:00:04]} 10.
g3 {[%clk 01:17:50]} {[%emt 00:05:08]} Nc6 {[%clk 01:24:09]} {[%emt 00:05:05]}
11. Bg2 {[%clk 01:16:24]} {[%emt 00:01:56]} b6 {[%clk 01:23:29]} {[%emt
00:01:11]} 12. Nxc6 {[%clk 01:12:40]} {[%emt 00:04:13]} Qxc6 {[%clk 01:23:55]}
{[%emt 00:00:06]} 13. Qe2 {[%clk 01:11:14]} {[%emt 00:01:55]} Bb7 {[%clk
01:20:05]} {[%emt 00:04:19]} 14. O-O {[%clk 01:09:58]} {[%emt 00:01:46]} Rc8
{[%clk 01:18:38]} {[%emt 00:01:58]} 15. b3 {[%clk 01:02:17]} {[%emt 00:08:11]}
b5 {[%clk 01:18:29]} {[%emt 00:00:39]} 16. Rac1 {[%clk 01:01:11]} {[%emt
00:01:35]} bxc4 {[%clk 01:12:23]} {[%emt 00:06:37]} 17. Na4 {[%clk 00:58:58]}
{[%emt 00:02:43]} Qb5 {[%clk 01:11:06]} {[%emt 00:01:47]} 18. Rxc4 {[%clk
00:55:56]} {[%emt 00:03:33]} Rxc4 {[%clk 01:10:13]} {[%emt 00:01:22]} 19. Qxc4
{[%clk 00:56:17]} {[%emt 00:00:08]} Qxc4 {[%clk 01:10:09]} {[%emt 00:00:34]} 20.
bxc4 {[%clk 00:56:41]} {[%emt 00:00:06]} Bc6 {[%clk 01:10:32]} {[%emt
00:00:07]} 21. Nc3 {[%clk 00:54:53]} {[%emt 00:02:18]} Bb4 {[%clk 01:09:28]}
{[%emt 00:01:34]} 22. Rb1 {[%clk 00:53:16]} {[%emt 00:02:07]} Bc5+ {[%clk
01:08:33]} {[%emt 00:01:26]} 23. Kf1 {[%clk 00:52:48]} {[%emt 00:00:58]} Ke7
{[%clk 01:08:46]} {[%emt 00:00:16]} 24. Ke2 {[%clk 00:50:13]} {[%emt 00:03:05]}
h5 {[%clk 01:03:58]} {[%emt 00:05:19]} 25. Kd3 {[%clk 00:36:43]} {[%emt
00:13:59]} h4 {[%clk 00:59:59]} {[%emt 00:04:29]} 26. g4 {[%clk 00:34:48]}
{[%emt 00:02:25]} h3 {[%clk 00:59:57]} {[%emt 00:00:33]} 27. Bf3 {[%clk
00:34:22]} {[%emt 00:00:56]} Rh4 {[%clk 00:57:48]} {[%emt 00:02:38]} 28. f5
{[%clk 00:24:22]} {[%emt 00:10:31]} Bd6 {[%clk 00:56:00]} {[%emt 00:02:17]} 29.
Rb2 {[%clk 00:23:06]} {[%emt 00:01:46]} Be5 {[%clk 00:55:30]} {[%emt 00:01:00]}
30. Rf2 {[%clk 00:18:57]} {[%emt 00:04:39]} Rh8 {[%clk 00:53:11]} {[%emt
00:02:50]} 31. Rc2 {[%clk 00:11:52]} {[%emt 00:07:34]} Rb8 {[%clk 00:52:25]}
{[%emt 00:01:17]} 32. Nd1 {[%clk 00:08:53]} {[%emt 00:03:28]} Rb1 {[%clk
00:51:32]} {[%emt 00:01:24]} 33. Ne3 {[%clk 00:09:14]} {[%emt 00:00:09]} Rg1
{[%clk 00:51:13]} {[%emt 00:00:49]} 34. Rf2 {[%clk 00:09:05]} {[%emt 00:00:38]}
Rc1 {[%clk 00:50:54]} {[%emt 00:00:49]} 35. Rc2 {[%clk 00:09:20]} {[%emt
00:00:16]} Rxc2 {[%clk 00:50:38]} {[%emt 00:00:46]} 36. Kxc2 {[%clk 00:09:24]}
{[%emt 00:00:25]} Bxh2 {[%clk 00:51:01]} {[%emt 00:00:07]} 37. Nf1 {[%clk
00:09:26]} {[%emt 00:00:28]} Be5 {[%clk 00:51:15]} {[%emt 00:00:17]} 38. Kd3
{[%clk 00:09:31]} {[%emt 00:00:25]} Kd6 {[%clk 00:51:23]} {[%emt 00:00:22]} 39.
Nd2 {[%clk 00:08:48]} {[%emt 00:01:12]} Kc5 {[%clk 00:50:32]} {[%emt 00:01:22]}
40. a3 {[%clk 00:07:10]} {[%emt 00:02:08]} Ba4 {[%clk 00:50:27]} {[%emt
00:00:34]} 41. Be2 {[%clk 00:04:54]} {[%emt 00:02:46]} Bf4 {[%clk 00:49:21]}
{[%emt 00:01:36]} 42. Nb1 {[%clk 00:04:20]} {[%emt 00:01:03]} Bb3 {[%clk
00:48:53]} {[%emt 00:00:58]} 43. Nd2 {[%clk 00:03:41]} {[%emt 00:01:10]} Ba2
{[%clk 00:47:34]} {[%emt 00:01:49]} 44. Kc3 {[%clk 00:03:50]} {[%emt 00:00:20]}
h2 {[%clk 00:47:01]} {[%emt 00:01:03]} 45. Bf3 {[%clk 00:04:13]} {[%emt
00:00:07]} Bxd2+ {[%clk 00:43:43]} {[%emt 00:03:48]} 46. Kxd2 {[%clk 00:04:37]}
{[%emt 00:00:06]} Kxc4 {[%clk 00:43:53]} {[%emt 00:00:21]} 47. Kc2 {[%clk
00:04:12]} {[%emt 00:00:55]} Kd4 {[%clk 00:43:55]} {[%emt 00:00:28]} 48. Kd2
{[%clk 00:04:25]} {[%emt 00:00:16]} Bc4 {[%clk 00:44:06]} {[%emt 00:00:20]} 49.
Bg2 {[%clk 00:04:18]} {[%emt 00:00:37]} Bd3 {[%clk 00:44:10]} {[%emt 00:00:26]}
50. Bf3 {[%clk 00:04:40]} {[%emt 00:00:08]} Bxe4 {[%clk 00:44:34]} {[%emt
00:00:06]} 51. g5 {[%clk 00:04:33]} {[%emt 00:00:36]} fxg5 {[%clk 00:44:48]}
{[%emt 00:00:17]} 0-1

[Event "XLIV Memoriał Szachowy Ludwika Zamenhofa 2025, Grupa B"]
[Site "Bialystok, Poland"]
[Date "2025.12.27"]
[Round "1.29"]
[White "Bakalarz, Leszek"]
[Black "Zawadzki, Antoni"]
[Result "1-0"]
[TimeControl "90'+30\""]
[WhiteElo "1909"]
[BlackElo "1676"]

1. e4 {[%clk 01:18:17]} {[%emt 00:12:42]} c6 {[%clk 01:30:57]} {[%emt
00:00:04]} 2. d4 {[%clk 01:18:33]} {[%emt 00:00:13]} d5 {[%clk 01:31:22]}
{[%emt 00:00:06]} 3. Nc3 {[%clk 01:19:01]} {[%emt 00:00:02]} dxe4 {[%clk
01:31:48]} {[%emt 00:00:05]} 4. Nxe4 {[%clk 01:19:24]} {[%emt 00:00:06]} Nf6
{[%clk 01:32:11]} {[%emt 00:00:07]} 5. Nxf6+ {[%clk 01:19:52]} {[%emt
00:00:02]} exf6 {[%clk 01:32:35]} {[%emt 00:00:06]} 6. c3 {[%clk 01:20:15]}
{[%emt 00:00:07]} Bd6 {[%clk 01:32:58]} {[%emt 00:00:07]} 7. Bd3 {[%clk
01:20:41]} {[%emt 00:00:04]} O-O {[%clk 01:32:55]} {[%emt 00:00:34]} 8. Ne2
{[%clk 01:21:08]} {[%emt 00:00:02]} Re8 {[%clk 01:32:56]} {[%emt 00:00:29]} 9.
O-O {[%clk 01:21:32]} {[%emt 00:00:05]} Nd7 {[%clk 01:32:52]} {[%emt 00:00:36]}
10. f4 {[%clk 01:21:16]} {[%emt 00:00:45]} Nf8 {[%clk 01:31:41]} {[%emt
00:01:42]} 11. f5 {[%clk 01:21:29]} {[%emt 00:00:17]} Qc7 {[%clk 01:30:34]}
{[%emt 00:01:37]} 12. Bf4 {[%clk 01:21:19]} {[%emt 00:00:39]} Bd7 {[%clk
01:25:21]} {[%emt 00:05:43]} 13. b4 {[%clk 01:21:39]} {[%emt 00:00:10]} Re7
{[%clk 01:19:27]} {[%emt 00:06:24]} 14. Bxd6 {[%clk 01:21:45]} {[%emt
00:00:25]} Qxd6 {[%clk 01:19:47]} {[%emt 00:00:09]} 15. Nf4 {[%clk 01:22:07]}
{[%emt 00:00:08]} Rae8 {[%clk 01:18:21]} {[%emt 00:01:56]} 16. a3 {[%clk
01:15:23]} {[%emt 00:07:15]} b6 {[%clk 01:12:49]} {[%emt 00:06:01]} 17. Qb3
{[%clk 01:04:48]} {[%emt 00:11:06]} c5 {[%clk 00:59:56]} {[%emt 00:13:23]} 18.
Nd5 {[%clk 01:00:07]} {[%emt 00:05:10]} cxd4 {[%clk 00:57:25]} {[%emt
00:03:02]} 19. Nxe7+ {[%clk 01:00:24]} {[%emt 00:00:12]} Rxe7 {[%clk 00:57:38]}
{[%emt 00:00:17]} 20. Rad1 {[%clk 00:51:26]} {[%emt 00:09:28]} Re3 {[%clk
00:54:35]} {[%emt 00:03:33]} 21. Bc4 {[%clk 00:51:26]} {[%emt 00:00:29]} d3
{[%clk 00:53:19]} {[%emt 00:01:48]} 22. Bxf7+ {[%clk 00:51:28]} {[%emt
00:00:26]} Kh8 {[%clk 00:53:44]} {[%emt 00:00:05]} 23. Qd5 {[%clk 00:44:56]}
{[%emt 00:07:03]} Qe7 {[%clk 00:46:46]} {[%emt 00:07:28]} 24. Bh5 {[%clk
00:45:09]} {[%emt 00:00:15]} g6 {[%clk 00:45:31]} {[%emt 00:01:46]} 25. Bg4
{[%clk 00:37:43]} {[%emt 00:07:56]} h5 {[%clk 00:33:18]} {[%emt 00:12:44]} 26.
Bh3 {[%clk 00:34:57]} {[%emt 00:03:16]} g5 {[%clk 00:32:04]} {[%emt 00:01:44]}
27. g3 {[%clk 00:35:24]} {[%emt 00:00:02]} Qe8 {[%clk 00:31:17]} {[%emt
00:01:17]} 28. Bg2 {[%clk 00:29:37]} {[%emt 00:06:17]} h4 {[%clk 00:28:02]}
{[%emt 00:03:46]} 29. Rxd3 {[%clk 00:29:23]} {[%emt 00:00:43]} hxg3 {[%clk
00:23:49]} {[%emt 00:04:44]} 30. hxg3 {[%clk 00:29:46]} {[%emt 00:00:07]} Bc6
{[%clk 00:22:00]} {[%emt 00:02:19]} 31. Qd4 {[%clk 00:28:49]} {[%emt 00:01:27]}
Rxd3 {[%clk 00:20:51]} {[%emt 00:01:39]} 32. Qxd3 {[%clk 00:29:16]} {[%emt
00:00:03]} Bxg2 {[%clk 00:19:47]} {[%emt 00:01:34]} 33. Kxg2 {[%clk 00:29:42]}
{[%emt 00:00:04]} Nd7 {[%clk 00:20:05]} {[%emt 00:00:12]} 34. Rd1 {[%clk
00:28:39]} {[%emt 00:01:32]} Qe5 {[%clk 00:19:24]} {[%emt 00:01:12]} 35. Kf2
{[%clk 00:17:09]} {[%emt 00:12:01]} Nf8 {[%clk 00:18:36]} {[%emt 00:01:13]} 36.
Re1 {[%clk 00:16:54]} {[%emt 00:00:48]} Qb8 {[%clk 00:18:41]} {[%emt 00:00:24]}
37. Re7 {[%clk 00:15:34]} {[%emt 00:01:51]} Qc8 {[%clk 00:16:48]} {[%emt
00:02:25]} 38. c4 {[%clk 00:13:17]} {[%emt 00:02:45]} a6 {[%clk 00:15:27]}
{[%emt 00:01:52]} 39. Qd5 {[%clk 00:12:31]} {[%emt 00:01:16]} a5 {[%clk
00:14:44]} {[%emt 00:01:14]} 40. Kf3 {[%clk 00:11:04]} {[%emt 00:01:55]} axb4
{[%clk 00:14:56]} {[%emt 00:00:19]} 41. axb4 {[%clk 00:11:32]} {[%emt
00:00:02]} Qb8 {[%clk 00:13:11]} {[%emt 00:02:14]} 42. Qf7 {[%clk 00:10:57]}
{[%emt 00:01:05]} Qa8+ {[%clk 00:13:35]} {[%emt 00:00:07]} 43. Kg4 {[%clk
00:11:11]} {[%emt 00:00:15]} 1-0

[Event "XLIV Memoriał Szachowy Ludwika Zamenhofa 2025, Grupa B"]
[Site "Bialystok, Poland"]
[Date "2025.12.27"]
[Round "1.30"]
[White "Galinska, Pola"]
[Black "Kicinska, Anna"]
[Result "0-1"]
[TimeControl "90'+30\""]
[WhiteElo "1668"]
[BlackElo "1901"]

1. d4 {[%clk 01:30:58]} {[%emt 00:00:01]} Nf6 {[%clk 01:30:54]} {[%emt
00:00:06]} 2. c4 {[%clk 01:31:19]} {[%emt 00:00:08]} c5 {[%clk 01:31:22]}
{[%emt 00:00:03]} 3. d5 {[%clk 01:31:38]} {[%emt 00:00:11]} e6 {[%clk
01:31:49]} {[%emt 00:00:03]} 4. Nc3 {[%clk 01:31:54]} {[%emt 00:00:14]} exd5
{[%clk 01:32:16]} {[%emt 00:00:03]} 5. cxd5 {[%clk 01:32:11]} {[%emt 00:00:13]}
d6 {[%clk 01:32:41]} {[%emt 00:00:06]} 6. g3 {[%clk 01:32:18]} {[%emt
00:00:22]} g6 {[%clk 01:32:53]} {[%emt 00:00:18]} 7. Bg2 {[%clk 01:32:28]}
{[%emt 00:00:19]} Bg7 {[%clk 01:33:13]} {[%emt 00:00:11]} 8. Nf3 {[%clk
01:32:37]} {[%emt 00:00:21]} O-O {[%clk 01:33:38]} {[%emt 00:00:06]} 9. O-O
{[%clk 01:32:46]} {[%emt 00:00:20]} Re8 {[%clk 01:31:38]} {[%emt 00:02:30]} 10.
Bf4 {[%clk 01:32:40]} {[%emt 00:00:36]} a6 {[%clk 01:30:58]} {[%emt 00:01:11]}
11. a4 {[%clk 01:32:44]} {[%emt 00:00:25]} Qc7 {[%clk 01:27:50]} {[%emt
00:03:38]} 12. Re1 {[%clk 01:28:54]} {[%emt 00:04:19]} Nh5 {[%clk 01:23:09]}
{[%emt 00:05:11]} 13. Bd2 {[%clk 01:25:20]} {[%emt 00:04:04]} Nd7 {[%clk
01:19:30]} {[%emt 00:04:10]} 14. e4 {[%clk 01:19:09]} {[%emt 00:06:41]} Ne5
{[%clk 01:15:37]} {[%emt 00:04:23]} 15. Nxe5 {[%clk 01:15:32]} {[%emt
00:04:07]} Bxe5 {[%clk 01:15:49]} {[%emt 00:00:19]} 16. Rc1 {[%clk 01:08:29]}
{[%emt 00:07:31]} Bd7 {[%clk 01:09:19]} {[%emt 00:07:01]} 17. Be3 {[%clk
00:52:39]} {[%emt 00:16:20]} Bg7 {[%clk 00:56:15]} {[%emt 00:13:34]} 18. b4
{[%clk 00:36:37]} {[%emt 00:16:32]} b6 {[%clk 00:36:26]} {[%emt 00:20:20]} 19.
bxc5 {[%clk 00:11:55]} {[%emt 00:25:11]} bxc5 {[%clk 00:36:47]} {[%emt
00:00:09]} 20. Nb1 {[%clk 00:07:51]} {[%emt 00:04:33]} Rab8 {[%clk 00:34:02]}
{[%emt 00:03:16]} 21. Qd3 {[%clk 00:01:25]} {[%emt 00:06:54]} Qa5 {[%clk
00:20:32]} {[%emt 00:14:02]} 22. Nd2 {[%clk 00:00:46]} {[%emt 00:01:09]} Bxa4
{[%clk 00:18:48]} {[%emt 00:02:14]} 23. Nc4 {[%clk 00:00:32]} {[%emt 00:00:44]}
Qd8 {[%clk 00:18:38]} {[%emt 00:00:40]} 24. Rb1 {[%clk 00:00:34]} {[%emt
00:00:28]} Bb5 {[%clk 00:18:09]} {[%emt 00:00:59]} 25. Qc2 {[%clk 00:00:44]}
{[%emt 00:00:19]} Qc7 {[%clk 00:12:02]} {[%emt 00:06:38]} 26. Bd2 {[%clk
00:00:38]} {[%emt 00:00:36]} Nf6 {[%clk 00:08:37]} {[%emt 00:03:55]} 27. Ba5
{[%clk 00:00:38]} {[%emt 00:00:31]} Qd7 {[%clk 00:07:16]} {[%emt 00:01:51]} 28.
f3 {[%clk 00:00:42]} {[%emt 00:00:25]} Bxc4 {[%clk 00:04:53]} {[%emt 00:02:53]}
29. Qxc4 {[%clk 00:01:08]} {[%emt 00:00:04]} Rb5 {[%clk 00:05:16]} {[%emt
00:00:07]} 30. Bc3 {[%clk 00:00:54]} {[%emt 00:00:43]} Reb8 {[%clk 00:04:41]}
{[%emt 00:01:06]} 31. Ra1 {[%clk 00:00:54]} {[%emt 00:00:30]} Qa7 {[%clk
00:03:21]} {[%emt 00:01:49]} 32. Bf1 {[%clk 00:00:57]} {[%emt 00:00:28]} Qb6
{[%clk 00:01:28]} {[%emt 00:02:24]} 33. Rec1 {[%clk 00:00:33]} {[%emt
00:00:53]} Nh5 {[%clk 00:00:34]} {[%emt 00:01:24]} 34. Bxg7 {[%clk 00:00:39]}
{[%emt 00:00:23]} Nxg7 {[%clk 00:01:01]} {[%emt 00:00:04]} 35. Qa4 {[%clk
00:00:37]} {[%emt 00:00:30]} c4+ {[%clk 00:00:57]} {[%emt 00:00:37]} 36. Kh1
{[%clk 00:00:39]} {[%emt 00:00:27]} Qf2 {[%clk 00:00:49]} {[%emt 00:00:38]} 37.
Bg2 {[%clk 00:00:34]} {[%emt 00:00:34]} Rb2 {[%clk 00:01:12]} {[%emt 00:00:08]}
38. Rg1 {[%clk 00:00:35]} {[%emt 00:00:28]} c3 {[%clk 00:00:43]} {[%emt
00:01:00]} 39. Qxa6 {[%clk 00:00:35]} {[%emt 00:00:30]} Ne8 {[%clk 00:00:32]}
{[%emt 00:00:41]} 40. Qf1 {[%clk 00:00:32]} {[%emt 00:00:31]} Qc5 {[%clk
00:00:33]} {[%emt 00:00:30]} 41. Qc1 {[%clk 00:00:32]} {[%emt 00:00:31]} c2
{[%clk 00:00:36]} {[%emt 00:00:27]} 42. Qd2 {[%clk 00:00:33]} {[%emt 00:00:28]}
Rb1 {[%clk 00:00:33]} {[%emt 00:00:34]} 43. Rc1 {[%clk 00:00:34]} {[%emt
00:00:29]} Rxa1 {[%clk 00:00:57]} {[%emt 00:00:06]} 44. Rxa1 {[%clk 00:00:57]}
{[%emt 00:00:06]} Rb1+ {[%clk 00:01:24]} {[%emt 00:00:04]} 0-1

[Event "XLIV Memoriał Szachowy Ludwika Zamenhofa 2025, Grupa B"]
[Site "Bialystok, Poland"]
[Date "2025.12.27"]
[Round "2.1"]
[White "Jakubowska, Anna"]
[Black "Fuks, Milan"]
[Result "0-1"]
[TimeControl "90'+30\""]
[WhiteElo "2139"]
[BlackElo "1917"]

1. e4 {[%clk 01:30:58]} {[%emt 00:00:01]} c6 {[%clk 01:30:47]} {[%emt
00:00:13]} 2. d4 {[%clk 01:31:20]} {[%emt 00:00:09]} d5 {[%clk 01:30:56]}
{[%emt 00:00:20]} 3. e5 {[%clk 01:31:23]} {[%emt 00:00:28]} Bf5 {[%clk
01:31:02]} {[%emt 00:00:23]} 4. Nf3 {[%clk 01:31:38]} {[%emt 00:00:15]} e6
{[%clk 01:31:14]} {[%emt 00:00:18]} 5. Be2 {[%clk 01:32:02]} {[%emt 00:00:06]}
Nd7 {[%clk 01:31:05]} {[%emt 00:00:39]} 6. O-O {[%clk 01:32:25]} {[%emt
00:00:08]} Ne7 {[%clk 01:30:09]} {[%emt 00:01:25]} 7. Nh4 {[%clk 01:31:06]}
{[%emt 00:01:50]} h6 {[%clk 01:25:39]} {[%emt 00:05:00]} 8. Nxf5 {[%clk
01:28:03]} {[%emt 00:03:33]} Nxf5 {[%clk 01:25:52]} {[%emt 00:00:17]} 9. Bg4
{[%clk 01:26:12]} {[%emt 00:02:20]} g6 {[%clk 01:22:56]} {[%emt 00:03:27]} 10.
a4 {[%clk 01:24:02]} {[%emt 00:02:40]} Be7 {[%clk 01:18:37]} {[%emt 00:04:48]}
11. a5 {[%clk 01:22:06]} {[%emt 00:02:27]} Rc8 {[%clk 01:10:38]} {[%emt
00:08:29]} 12. c3 {[%clk 01:21:10]} {[%emt 00:01:26]} c5 {[%clk 01:07:59]}
{[%emt 00:03:09]} 13. Bf4 {[%clk 01:12:28]} {[%emt 00:09:11]} Bg5 {[%clk
01:01:40]} {[%emt 00:06:50]} 14. Bxg5 {[%clk 01:01:13]} {[%emt 00:11:45]} hxg5
{[%clk 00:59:59]} {[%emt 00:02:10]} 15. Na3 {[%clk 01:00:34]} {[%emt 00:01:10]}
a6 {[%clk 00:59:22]} {[%emt 00:01:07]} 16. c4 {[%clk 00:50:24]} {[%emt
00:10:40]} Nxd4 {[%clk 00:52:59]} {[%emt 00:06:53]} 17. cxd5 {[%clk 00:50:48]}
{[%emt 00:00:06]} Nxe5 {[%clk 00:51:18]} {[%emt 00:02:11]} 18. dxe6 {[%clk
00:49:39]} {[%emt 00:01:38]} f5 {[%clk 00:46:35]} {[%emt 00:05:14]} 19. Bh3
{[%clk 00:41:15]} {[%emt 00:08:54]} g4 {[%clk 00:34:08]} {[%emt 00:12:56]} 20.
f4 {[%clk 00:40:54]} {[%emt 00:00:52]} gxf3 {[%clk 00:27:17]} {[%emt 00:07:22]}
21. Nc2 {[%clk 00:22:39]} {[%emt 00:18:44]} Ne2+ {[%clk 00:23:39]} {[%emt
00:04:07]} 22. Kh1 {[%clk 00:22:59]} {[%emt 00:00:10]} fxg2+ {[%clk 00:23:43]}
{[%emt 00:00:27]} 23. Kxg2 {[%clk 00:15:29]} {[%emt 00:08:00]} Qg5+ {[%clk
00:24:06]} {[%emt 00:00:07]} 24. Kh1 {[%clk 00:13:34]} {[%emt 00:02:25]} Ng3+
{[%clk 00:24:13]} {[%emt 00:00:23]} 0-1

[Event "XLIV Memoriał Szachowy Ludwika Zamenhofa 2025, Grupa B"]
[Site "Bialystok, Poland"]
[Date "2025.12.27"]
[Round "2.2"]
[White "Madejski, Milosz"]
[Black "Medvedyk, Volodymyr"]
[Result "0-1"]
[TimeControl "90'+30\""]
[WhiteElo "1917"]
[BlackElo "2138"]

1. d4 {[%clk 01:30:57]} {[%emt 00:00:03]} Nf6 {[%clk 01:28:20]} {[%emt
00:02:40]} 2. c4 {[%clk 01:31:23]} {[%emt 00:00:05]} d6 {[%clk 01:27:43]}
{[%emt 00:01:05]} 3. Nf3 {[%clk 01:31:33]} {[%emt 00:00:20]} g6 {[%clk
01:27:07]} {[%emt 00:01:06]} 4. g3 {[%clk 01:31:47]} {[%emt 00:00:16]} Bg7
{[%clk 01:27:12]} {[%emt 00:00:26]} 5. Bg2 {[%clk 01:32:12]} {[%emt 00:00:05]}
O-O {[%clk 01:27:34]} {[%emt 00:00:07]} 6. O-O {[%clk 01:32:35]} {[%emt
00:00:07]} Nc6 {[%clk 01:27:10]} {[%emt 00:00:54]} 7. d5 {[%clk 01:33:00]}
{[%emt 00:00:06]} Na5 {[%clk 01:26:03]} {[%emt 00:01:37]} 8. Na3 {[%clk
01:33:24]} {[%emt 00:00:06]} c5 {[%clk 01:22:21]} {[%emt 00:04:12]} 9. Re1
{[%clk 01:33:21]} {[%emt 00:00:33]} e6 {[%clk 01:11:43]} {[%emt 00:11:06]} 10.
dxe6 {[%clk 01:28:44]} {[%emt 00:05:07]} Bxe6 {[%clk 01:10:00]} {[%emt
00:02:14]} 11. Ng5 {[%clk 01:26:50]} {[%emt 00:02:25]} Bxc4 {[%clk 00:56:45]}
{[%emt 00:13:45]} 12. Nxc4 {[%clk 01:16:56]} {[%emt 00:10:24]} Nxc4 {[%clk
00:57:12]} {[%emt 00:00:03]} 13. Qa4 {[%clk 01:13:58]} {[%emt 00:03:27]} d5
{[%clk 00:53:36]} {[%emt 00:04:07]} 14. Rd1 {[%clk 01:13:40]} {[%emt 00:00:48]}
Qe7 {[%clk 00:47:12]} {[%emt 00:06:54]} 15. e4 {[%clk 01:03:04]} {[%emt
00:11:06]} h6 {[%clk 00:39:33]} {[%emt 00:08:08]} 16. Nh3 {[%clk 01:03:01]}
{[%emt 00:00:34]} Nb6 {[%clk 00:28:59]} {[%emt 00:11:04]} 17. Qc2 {[%clk
01:02:52]} {[%emt 00:00:39]} dxe4 {[%clk 00:26:22]} {[%emt 00:03:07]} 18. Be3
{[%clk 01:02:30]} {[%emt 00:00:52]} Rac8 {[%clk 00:21:52]} {[%emt 00:05:00]} 19.
Rac1 {[%clk 01:02:33]} {[%emt 00:00:26]} Nbd7 {[%clk 00:21:00]} {[%emt
00:01:23]} 20. Nf4 {[%clk 01:02:43]} {[%emt 00:00:20]} b6 {[%clk 00:19:29]}
{[%emt 00:02:01]} 21. b4 {[%clk 01:01:42]} {[%emt 00:01:31]} Kh7 {[%clk
00:05:53]} {[%emt 00:14:05]} 22. Bh3 {[%clk 01:01:34]} {[%emt 00:00:39]} cxb4
{[%clk 00:05:45]} {[%emt 00:00:39]} 23. Qxc8 {[%clk 01:01:27]} {[%emt
00:00:36]} Rxc8 {[%clk 00:06:13]} {[%emt 00:00:01]} 24. Rxc8 {[%clk 01:01:56]}
{[%emt 00:00:01]} Ne5 {[%clk 00:05:53]} {[%emt 00:00:50]} 25. Nd5 {[%clk
01:01:31]} {[%emt 00:00:55]} Nxd5 {[%clk 00:04:30]} {[%emt 00:01:54]} 26. Rxd5
{[%clk 01:01:59]} {[%emt 00:00:02]} Qb7 {[%clk 00:03:36]} {[%emt 00:01:24]} 27.
Rdd8 {[%clk 00:59:30]} {[%emt 00:02:59]} Qa6 {[%clk 00:02:07]} {[%emt
00:01:58]} 28. Rc2 {[%clk 00:59:03]} {[%emt 00:00:57]} Qa4 {[%clk 00:00:49]}
{[%emt 00:01:49]} 29. Re2 {[%clk 00:59:01]} {[%emt 00:00:32]} Nf3+ {[%clk
00:00:42]} {[%emt 00:00:38]} 30. Kg2 {[%clk 00:58:44]} {[%emt 00:00:46]} Qb5
{[%clk 00:00:42]} {[%emt 00:00:30]} 31. Kf1 {[%clk 00:58:09]} {[%emt 00:01:04]}
Nxh2+ {[%clk 00:00:51]} {[%emt 00:00:21]} 32. Ke1 {[%clk 00:58:27]} {[%emt
00:00:12]} Nf3+ {[%clk 00:00:50]} {[%emt 00:00:32]} 33. Kf1 {[%clk 00:58:42]}
{[%emt 00:00:15]} Ng1 {[%clk 00:00:39]} {[%emt 00:00:41]} 34. Bg4 {[%clk
00:59:01]} {[%emt 00:00:11]} Nxe2 {[%clk 00:00:42]} {[%emt 00:00:27]} 35. Bxe2
{[%clk 00:59:29]} {[%emt 00:00:02]} Qc6 {[%clk 00:00:43]} {[%emt 00:00:29]} 36.
Kg2 {[%clk 00:59:32]} {[%emt 00:00:27]} Bc3 {[%clk 00:00:39]} {[%emt 00:00:34]}
37. Bd1 {[%clk 00:59:48]} {[%emt 00:00:13]} Qc7 {[%clk 00:00:41]} {[%emt
00:00:28]} 38. Rd5 {[%clk 01:00:01]} {[%emt 00:00:18]} a5 {[%clk 00:00:36]}
{[%emt 00:00:35]} 39. Bb3 {[%clk 01:00:01]} {[%emt 00:00:30]} Qc6 {[%clk
00:00:37]} {[%emt 00:00:28]} 40. Rd8 {[%clk 01:00:07]} {[%emt 00:00:25]} a4
{[%clk 00:00:33]} {[%emt 00:00:35]} 41. Bxf7 {[%clk 00:59:35]} {[%emt
00:01:01]} Qc7 {[%clk 00:00:41]} {[%emt 00:00:22]} 42. Bg8+ {[%clk 00:59:48]}
{[%emt 00:00:17]} Kg7 {[%clk 00:01:04]} {[%emt 00:00:07]} 43. Ra8 {[%clk
00:59:58]} {[%emt 00:00:19]} Qc6 {[%clk 00:00:32]} {[%emt 00:01:03]} 44. Rd8
{[%clk 01:00:02]} {[%emt 00:00:25]} Bf6 {[%clk 00:00:33]} {[%emt 00:00:30]} 45.
Bd5 {[%clk 01:00:20]} {[%emt 00:00:12]} Qb5 {[%clk 00:00:31]} {[%emt 00:00:32]}
46. Rd6 {[%clk 01:00:03]} {[%emt 00:00:47]} Be7 {[%clk 00:00:36]} {[%emt
00:00:25]} 47. Bc6 {[%clk 00:59:46]} {[%emt 00:00:46]} Qc4 {[%clk 00:00:37]}
{[%emt 00:00:30]} 48. Bd5 {[%clk 00:59:50]} {[%emt 00:00:26]} Qb5 {[%clk
00:00:32]} {[%emt 00:00:35]} 49. Bc6 {[%clk 01:00:07]} {[%emt 00:00:13]} Qc4
{[%clk 00:00:34]} {[%emt 00:00:27]} 50. Bd5 {[%clk 01:00:29]} {[%emt 00:00:09]}
Qd3 {[%clk 00:00:32]} {[%emt 00:00:32]} 51. Rd7 {[%clk 01:00:43]} {[%emt
00:00:16]} Kf6 {[%clk 00:00:39]} {[%emt 00:00:22]} 52. Bc6 {[%clk 01:00:43]}
{[%emt 00:00:31]} Qc2 {[%clk 00:00:53]} {[%emt 00:00:16]} 53. Bd5 {[%clk
01:00:43]} {[%emt 00:00:30]} Qd3 {[%clk 00:00:33]} {[%emt 00:00:49]} 54. Bc6
{[%clk 01:01:11]} {[%emt 00:00:03]} Qc2 {[%clk 00:00:45]} {[%emt 00:00:19]} 55.
Bd5 {[%clk 01:01:38]} {[%emt 00:00:02]} Bc5 {[%clk 00:00:34]} {[%emt 00:00:41]}
0-1